Planning and Compulsory Purchase Bill Part 8 (Record no. 117327)

MARC details
000 -LEADER
fixed length control field 01350cam a2200241 4500
001 - CONTROL NUMBER
control field ABS67722
008 - FIXED-LENGTH DATA ELEMENTS--GENERAL INFORMATION
fixed length control field 040507n2004 000 0 eng u
035 ## - SYSTEM CONTROL NUMBER
System control number (Sirsi) u126146
100 ## - MAIN ENTRY--PERSONAL NAME
Personal name Lewsley, C.
245 ## - TITLE STATEMENT
Title Planning and Compulsory Purchase Bill Part 8
260 ## - PUBLICATION, DISTRIBUTION, ETC.
Date of publication, distribution, etc. 2004
490 ## - SERIES STATEMENT
Series statement Rating and Valuation Reporter
Volume/sequential designation 44(3) March 2004, 51-54(4)
520 ## - SUMMARY, ETC.
Summary, etc. Considers the compulsory purchase provisions of the Planning and Compulsory Purchase Bill Part VIII clause by clause. Key changes to existing compulsory purchase procedures are contained in cl98 amending the power of compulsory purchase conferred on local authorities by the Town and Country Planning Act 1990 s226. Cl102 provides a statutory definition of the valuation date for the purposes of assessing compensaton for the compulsory purchase of land, and cls105-108 introduce a scheme of loss payments for those with an interest in land which is the subject of compulsory purchase. Illustrates the proposed changes with reference to case law.
590 ## - LOCAL NOTE (RLIN)
Local note ABS
590 ## - LOCAL NOTE (RLIN)
Local note ABS
650 ## - SUBJECT ADDED ENTRY--TOPICAL TERM
Topical term or geographic name entry element PLANNING AND COMPULSORY PURCHASE BILL PART VIII
650 ## - SUBJECT ADDED ENTRY--TOPICAL TERM
Topical term or geographic name entry element TOWN AND COUNTRY PLANNING ACT 1990 S226
650 ## - SUBJECT ADDED ENTRY--TOPICAL TERM
Topical term or geographic name entry element VALUATION DATE
650 ## - SUBJECT ADDED ENTRY--TOPICAL TERM
Topical term or geographic name entry element LAND COMPENSATION ACT 1973
650 ## - SUBJECT ADDED ENTRY--TOPICAL TERM
Topical term or geographic name entry element HOME LOSS PAYMENTS
690 ## - LOCAL SUBJECT ADDED ENTRY--TOPICAL TERM (OCLC, RLIN)
Topical term or geographic name as entry element COMPULSORY PURCHASE AND COMPENSATION
942 ## - ADDED ENTRY ELEMENTS (KOHA)
Suppress in OPAC 0
Holdings
Withdrawn status Lost status Source of classification or shelving scheme Damaged status Not for loan Home library Current library Shelving location Date acquired Total Checkouts Full call number Barcode Date last seen Copy number Price effective from Koha item type
    Dewey Decimal Classification     London London Journal article 07/05/2004   ABS67722 126146-1001 06/08/2019 1 06/08/2019 Journal article